| 000 | 00722nam a22002417a 4500 | ||
|---|---|---|---|
| 005 | 20260429143330.0 | ||
| 008 | 260429b |||||||| |||| 00| 0 eng d | ||
| 020 |
_a9783031434884 _qpbk |
||
| 082 |
_a629.243 _bJAZ |
||
| 100 | _aJazar, Reza N. | ||
| 245 | _aVehicle vibrations : linear and nonlinear analysis, optimization, and design | ||
| 250 | _ac.2024 | ||
| 260 |
_aSwitzerland AG _bSpringer Nature _c2024 |
||
| 300 | _axvii, 525p. ; 28cm. | ||
| 653 | _aVehicle Engineering | ||
| 653 | _aApplied Dynamical Systems | ||
| 653 | _aAutomotive Engineering | ||
| 653 | _aMultibody Systems and Mechanical Vibrations | ||
| 653 | _aME432 | ||
| 653 | _aME632 | ||
| 700 | _aMarzbani, Hormoz | ||
| 942 |
_2ddc _cBK |
||
| 999 |
_c53154 _d53154 |
||